Alimentos y transnacionales; los complejos sectoriales del trigo y avícola en el Perú /
Պահպանված է:
| Հիմնական հեղինակ: | |
|---|---|
| Այլ հեղինակներ: | , |
| Ձևաչափ: | Տեքստ |
| Հրապարակվել է: |
Lima:
DESCO
|
| Հրատարակություն: | 2 |
| Ցուցիչներ: |
Ավելացրեք ցուցիչ
Չկան պիտակներ, Եղեք առաջինը, ով նշում է այս գրառումը!
|
MARC
| LEADER | 00000 a a2200000 04500 | ||
|---|---|---|---|
| 001 | 15091 | ||
| 003 | |||
| 040 | |||
| 090 | |a 018200 | ||
| 100 | |a González Vigil, Fernando | ||
| 245 | |a Alimentos y transnacionales; los complejos sectoriales del trigo y avícola en el Perú / |c Fernando González Vigil | ||
| 250 | |a 2 | ||
| 260 | |a Lima: |b DESCO | ||
| 300 | |a 286 p. | ||
| 700 | |a Parodi Zevallos, Carlos | ||
| 700 | |a Tume Torres, Fabián | ||
| 999 | |c 16676 |d 16676 | ||
